000 00562nam a2200169Ia 4500
008 220216s9999 xx 000 0 und d
100 _aAgarwal S L
245 0 _aUse of recycle materials in Indian Tyre industry
260 _bProceedings of the National Conference and Exposition on Rubber and Allied Materials. India Rub Tech Expo 2004. 13-14 February, 2004, Mysore.pp.405-408.
650 _aIndia
650 _aRecycling technology
650 _aTyre industry
700 _aBanerjee S
700 _aDeuri A S
700 _aMukhopadhyay R
942 _cJS
999 _c71922
_d71922